Nonlinear functional analysis /
Guardado en:
| Autor Principal: | |
|---|---|
| Otros Autores: | |
| Formato: | Libro |
| Idioma: | English |
| Publicado: |
New York :
Gordon and Breach,
c1969.
|
| Series: | Notes on mathematics and its applications
|
| Etiquetas: |
Agregar Etiqueta
Sin Etiquetas, Sea el primero en etiquetar este registro!
|
| LEADER | 01083cam a22002055a 4500 | ||
|---|---|---|---|
| 001 | MAT.inmabb002360 | ||
| 008 | 690630s1969####nyu######b####001#0#eng#d | ||
| 005 | 20130326120454.0 | ||
| 245 | 1 | 0 | |a Nonlinear functional analysis / |c J. T. Schwartz ; notes by H. Fattorini, R. Nirenberg, and H. Porta ; with an additional chapter by Hermann Karcher. |
| 260 | |a New York : |b Gordon and Breach, |c c1969. | ||
| 300 | |a vii, 236 p. ; |c 24 cm. | ||
| 440 | 0 | |a Notes on mathematics and its applications | |
| 505 | 8 | |a I. Basic calculus -- II. Hard implicit functional theorems -- III. Degree theory and applications -- IV. Morse theory on Hilbert manifolds -- V. Category -- VI. Applications of Morse theory to calculus of variations in the large -- VII. Applications -- VIII. Closed geodesics on compact Riemannian manifolds / by Hermann Karcher. | |
| 504 | |a Incluye referencias bibliográficas. | ||
| 510 | 4 | |a MR, |c 55 #6457 | |
| 100 | 1 | |a Schwartz, Jacob T. | |
| 700 | 1 | 2 | |a Karcher, Hermann, |d 1938- |
| 084 | |a 58-02 (46Gxx 58E05) |2 msc2000 | ||
| 010 | |a 68025643 | ||
| 859 | |h 58 |i Sc399 |p A-4032 |b BIB. MATEMATICA | ||
